000 00767nam a22001817a 4500
003 UA-OsUOA
001 16679
007 ta
008 20040119b un ||||| |||| 00| 0 ukr d
100 _aРоманюк Н.
942 _cSA
040 _aUA-OsUOA
_cUA-OsUOA
_dUA-OsUOA
245 _a"Ліки на замовлення" - послуга, яка потрібна людям: [Про поштову доставку медикаментів розповідає заст. начальника Радивилів. район. вузла поштового зв'язку Н. Романюк]
300 _aС.2
955 _a0
773 0 _w0
_tПрапор перемоги
_dРадивилів
_d2003
_g№102/23 груд./
650 7 _aЗв'язок
_2UDC
999 _c302844
_d302844